Statistics for Countries With More Than One Trillion GDP

Click here to take the quiz!

General Stats

  • This quiz has been taken 50 times
  • The average score is 28 of 31

Answer Stats

GDPCountry% Correct
30,17 TChina
100%
3,67 TFrance
100%
5,27 TGermany
100%
11,74 TIndia
100%
4,36 TRussia
100%
2,89 TItaly
98%
6,11 TJapan
98%
3,69 TUnited Kingdom
98%
2,23 TCanada
95%
2,96 TMexico
95%
2,21 TSpain
95%
25,36 TUnited States
95%
3,76 TBrazil
93%
3,99 TIndonesia
93%
1,20 TNetherlands
93%
3,22 TTurkey
93%
1,29 TArgentina
88%
1,62 TAustralia
88%
2,00 TSaudi Arabia
88%
2,73 TSouth Korea
88%
1,55 TEgypt
86%
1,44 TPakistan
86%
1,57 TPoland
86%
1,58 TIran
83%
1,11 TBangladesh
79%
1,60 TTaiwan
76%
1,47 TThailand
76%
1,22 TNigeria
74%
1,24 TVietnam
74%
1,08 TMalaysia
71%
1,14 TPhilippines
69%

Score Distribution

Percentile by Number Answered

Percent of People with Each Score

Your Score History

You have not taken this quiz